| 000 | 01507cam a22003614i 4500 | ||
|---|---|---|---|
| 003 | PE-LiUPU | ||
| 005 | 20250731183400.0 | ||
| 008 | 150623s r 000 0 d | ||
| 035 | _a(Sirsi) a23112 | ||
| 040 |
_aPE-LiUPU _bspa _cPE-LiUPU _erda |
||
| 082 | 0 | 4 |
_a780.264 _bW361 _223 |
| 245 | 0 | 0 |
_aWe will glorify / _ceditado por Alleluia Music. |
| 264 | 1 |
_aMobile, AL : _bIntegrity Music, Inc., _c1994. |
|
| 300 |
_a128 páginas : _bilustraciones partituras ; _c26 centímetros. |
||
| 336 |
_atext _2rdacontent |
||
| 337 |
_aunmediated _2rdamedia |
||
| 338 |
_avolume _2rdacarrier |
||
| 490 | 0 | _a(Alleluia Music. Songs Sheets) | |
| 505 | 0 | _aSonglist for we will glorify: let everything that has breath -- Blessing, glory and honor -- You are crowned with many crowns -- Praise to you -- Joy of my desire -- I love to be in your presence -- We will flory -- No condemnation -- Under the shadow --Lead me to the rock. | |
| 526 | _aP158 | ||
| 526 | _aP146 | ||
| 526 | _aP17 | ||
| 526 | _aP12 | ||
| 526 | _aP06 | ||
| 650 | 0 | 0 |
_aHimnos religiosos _93006 |
| 650 | 0 | 4 | _aHimnarios religiosos evangélicos. |
| 942 |
_2ddc _cBK _n0 |
||
| 949 |
_wDEWEY _c1 _i47204 _lCCODEBUL1 _mBUL _p00.00 _r0 _sY _tBOOK _u2015-06-24 _xTEOLOGIA _0COMPRA _o.STAFF. Colección General |
||
| 949 |
_a783.95 W99 _wDEWEY _c2 _i47203 _lCCODEBUL1 _mBUL _p00.00 _r0 _sY _tBOOK _u2015-06-24 _xTEOLOGIA _0COMPRA _o.STAFF. Colección General |
||
| 980 |
_81 _gALBERTO SANCHEZ Responsable de Automatización |
||
| 999 |
_c23754 _d23754 |
||